000 00374nam a22001577a 4500
003 MPLRDC
005 20220104123725.0
008 210129b ||||| |||| 00| 0 eng d
082 _a177 MAR
100 _aORISON SWETT MARDEN 著; 林文毅译
245 _a人性的奥妙
_c
260 _a
_b昆仑出版公司
_c
300 _b
650 _a
942 _cBK
_o177 MAR
999 _c13690
_d13680